000 006210000a22001690004500
003 MACL
005 20160406121244.0
008 160406b xxu||||| |||| 00| 0 eng d
040 _aMACL
_cMACL
041 _aHindi
082 _a294
245 _aश्रीहनुमदूतम़
260 _bआचार्य नित्‍यानन्‍द स्‍मृति संस्‍‍कृत शिक्षा एवं शोध संस्‍थान गिरिजा निकेतन
_c2005
_aकोलकाता
350 _a90
650 _aHindu Religion
_9350
942 _cHIN
_k294
_2ddc
999 _c11499
_d11499